| 000 | 01808nam a2200349 i 4500 | ||
|---|---|---|---|
| 003 | DO-SdBNP | ||
| 005 | 20240826125436.0 | ||
| 007 | ta | ||
| 008 | 221125e2019 dr aob|er|||| 001 edspa d | ||
| 020 | _a9945406396 | ||
| 040 |
_aDO-SdBNP _bspa _cBNPHU _erda |
||
| 082 | 4 |
_222 _bG643r |
|
| 100 | 1 | 0 |
_aGonzález, Geraldino, _d1957- _eautor _920628 |
| 245 | 1 | 0 |
_aRiquezas dominicanas: _bislas, cayos e islotes de la República Dominicana / _cGeraldino González; fotografías, César de la Cruz, Milton González, Carlos Brito. |
| 264 | 1 |
_aSanto Domingo : _bEl Nuevo Diario, _c2007 |
|
| 300 |
_a139 páginas : _bilustraciones, fotografías ; _c28 cm. |
||
| 336 |
_2rdacontent _atexto _btxt |
||
| 337 |
_2rdamedia _asin mediación _bn |
||
| 338 |
_2rdacarrier _avolumen _bnc |
||
| 500 | _aIncluye datos biográficos del autor en la contracubierta. | ||
| 504 | _aBibliografía: página 139 | ||
| 505 |
_aIntroducción.-- Presentación. _gRegión Sureste. _tIsla Saona.-- Isla Catalñina.-- Isla la Matica.-- Isla Pino o Piedra.-- _gRegión Suroeste _tIsla Beata.-- _tCayo Alto Velo.-- _tCayo Los Frailes.-- Cayos Los Mellizos, Iguana y Puerto Rico.-- _tCayos de Puerto Viejo de Azua.-- Isla Cabritos, Barbarita y la Islita.-- _gRegión Nordeste. _tCayo Haitises.-- _tCayos de Samaná.-- _tRegión Norte. _tCayos Los 7 Hermanos.-- _tCayos de Samaná.-- |
||
| 590 | _aInventariado 2024 / MF | ||
| 650 | 4 |
_979516 _aBiodiversidad _zRepública Dominicana |
|
| 650 | 4 |
_aEcosistemas Costeros _910254 _zRepública Dominicana |
|
| 651 | 4 |
_982207 _aRepública Dominicana _xDescripciones y viajes _xIslas |
|
| 700 | 1 |
_978626 _aCruz, César, de la, _efotografías |
|
| 700 | 1 |
_aGonzález, Miltom, _efotografía _982873 |
|
| 700 | 1 |
_aBrito, Carlos, _efotografía _982874 |
|
| 710 | 2 |
_aGrupo Jaragua _efotografía _982875 |
|
| 942 |
_2ddc _cLBS1 |
||
| 999 |
_c53003 _d53003 |
||